<?xml version="1.0" encoding="UTF-8"?><marc:collection xmlns:marc="http://www.loc.gov/MARC21/slim">
  <marc:record>
    <marc:leader>00000nam  2200000za 4500</marc:leader>
    <marc:controlfield tag="001">9.800325</marc:controlfield>
    <marc:controlfield tag="003">CaOODSP</marc:controlfield>
    <marc:controlfield tag="005">20210625000951</marc:controlfield>
    <marc:controlfield tag="007">cr |||||||||||</marc:controlfield>
    <marc:controlfield tag="008">150501s2015    xxc    |o||||f|0| 0|eng d</marc:controlfield>
    <marc:datafield tag="040" ind1=" " ind2=" ">
      <marc:subfield code="a">CaOODSP</marc:subfield>
      <marc:subfield code="b">eng</marc:subfield>
    </marc:datafield>
    <marc:datafield tag="041" ind1=" " ind2=" ">
      <marc:subfield code="a">eng</marc:subfield>
      <marc:subfield code="a">fre</marc:subfield>
    </marc:datafield>
    <marc:datafield tag="043" ind1=" " ind2=" ">
      <marc:subfield code="a">n-cn---</marc:subfield>
    </marc:datafield>
    <marc:datafield tag="086" ind1=" " ind2=" ">
      <marc:subfield code="a">XB412-26/3-PDF</marc:subfield>
    </marc:datafield>
    <marc:datafield tag="110" ind1="1" ind2=" ">
      <marc:subfield code="a">Canada. </marc:subfield>
      <marc:subfield code="b">Parliament. </marc:subfield>
      <marc:subfield code="b">House of Commons.</marc:subfield>
    </marc:datafield>
    <marc:datafield tag="245" ind1="1" ind2="3">
      <marc:subfield code="a">An Act to amend the Criminal Code, the Canada Evidence Act and the Sex Offender Information Registration Act, to enact the High Risk Child Sex Offender Database Act and to make consequential amendments to other Acts.</marc:subfield>
      <marc:subfield code="h">[electronic resource] =</marc:subfield>
      <marc:subfield code="b">Loi modifiant le Code criminel, la Loi sur la preuve au Canada et la Loi sur l'enregistrement de renseignements sur les délinquants sexuels, édictant la Loi sur la banque de données concernant les délinquants sexuels à risque élevé (infractions sexuelles visant les enfants) et modifiant d'autres lois en conséquence.</marc:subfield>
    </marc:datafield>
    <marc:datafield tag="246" ind1="1" ind2="1">
      <marc:subfield code="a">Loi modifiant le Code criminel, la Loi sur la preuve au Canada et la Loi sur l’enregistrement de renseignements sur les délinquants sexuels, édictant la Loi sur la banque de données concernant les délinquants sexuels à risque élevé (infractions sexuelles visant les enfants) et modifiant d’autres lois en conséquence</marc:subfield>
    </marc:datafield>
    <marc:datafield tag="246" ind1="1" ind2="3">
      <marc:subfield code="i">[short title].</marc:subfield>
      <marc:subfield code="a">Tougher Penalties for Child Predators Act</marc:subfield>
    </marc:datafield>
    <marc:datafield tag="260" ind1=" " ind2=" ">
      <marc:subfield code="a">Ottawa :</marc:subfield>
      <marc:subfield code="b">Parliament, </marc:subfield>
      <marc:subfield code="c">2015.</marc:subfield>
    </marc:datafield>
    <marc:datafield tag="300" ind1=" " ind2=" ">
      <marc:subfield code="a">22 p.</marc:subfield>
    </marc:datafield>
    <marc:datafield tag="490" ind1="1" ind2=" ">
      <marc:subfield code="a">Bill C-...</marc:subfield>
      <marc:subfield code="v">C-26, 2nd session, 41st Parliament</marc:subfield>
    </marc:datafield>
    <marc:datafield tag="518" ind1=" " ind2=" ">
      <marc:subfield code="a">As Passed by the House of Commons March 27, 2015.</marc:subfield>
    </marc:datafield>
    <marc:datafield tag="546" ind1=" " ind2=" ">
      <marc:subfield code="a">Text in English and in French in two columns.</marc:subfield>
    </marc:datafield>
    <marc:datafield tag="692" ind1="0" ind2="7">
      <marc:subfield code="2">gccst</marc:subfield>
      <marc:subfield code="a">Sexual offences</marc:subfield>
    </marc:datafield>
    <marc:datafield tag="792" ind1=" " ind2=" ">
      <marc:subfield code="t">An Act to amend the Criminal Code, the Canada Evidence Act and the Sex Offender Information Registration Act, to enact the High Risk Child Sex Offender Database Act and to make consequential amendments to other Acts.</marc:subfield>
      <marc:subfield code="e">fre</marc:subfield>
      <marc:subfield code="w">(CaOODSP)9.800334</marc:subfield>
    </marc:datafield>
    <marc:datafield tag="830" ind1="#" ind2="0">
      <marc:subfield code="a">Bills of the House of Commons ;</marc:subfield>
      <marc:subfield code="v">C-26, 2nd session, 41st Parliament</marc:subfield>
      <marc:subfield code="w">(CaOODSP)9.500659</marc:subfield>
    </marc:datafield>
    <marc:datafield tag="856" ind1="4" ind2="0">
      <marc:subfield code="a">http://publications.gc.ca</marc:subfield>
      <marc:subfield code="q">PDF</marc:subfield>
      <marc:subfield code="s">156 KB</marc:subfield>
      <marc:subfield code="u">https://publications.gc.ca/collections/collection_2015/parl/XB412-26-3.pdf</marc:subfield>
    </marc:datafield>
  </marc:record>
</marc:collection>
